Cardiff City FC 2018-2019 Squad - Statistics

General Stats
  • This quiz has been taken 208 times
  • The average score is 18 of 30
Answer Stats
Position Kit Number Nationality Answer % Correct
GK #1 Philippines Neil Etheridge
93%
Manager N/A English Neil Warnock
90%
DEF #4 England Sean Morrison
86%
DEF #22 Ivory Coast Sol Bamba
86%
FOR #33 Canada David Junior Hoilett
84%
MID #21 Spain Victor Camarasa
80%
DEF #5 Gabon Bruno Ecuele Manga
79%
MID #8 England Joe Ralls
77%
MID #17 Iceland Aron Gunnarsson
75%
DEF #3 England Joe Bennett
72%
GK #12 England Alex Smithies
71%
GK #28 Ireland Brian Murphy
69%
DEF #13 Scotland Callum Paterson
69%
MID #11 England Josh Murphy
69%
MID #14 England Bobby Reid
68%
MID N/A Ireland Harry Arter
68%
FOR #10 Denmark Kenneth Zohore
68%
DEF #2 England Lee Peltier
66%
FOR #19 England Nataniel Mendez-Laing
58%
DEF #6 Wales Jazz Richards
51%
FOR #9 England Danny Ward
50%
DEF #18 Ireland Greg Cunningham
44%
MID #20 France Loic Damour
43%
DEF #16 England Matthew Connolly
37%
MID N/A England Kadim Harris
36%
FOR #37 England Rhys Healey
31%
FOR #24 England Gary Madine
29%
MID #13 Ireland Anthony Pilkington
24%
FOR #7 England Lee Tomlin
23%
MID #22 England Stuart O'keefe
9%
No matching quizzes found
Score Distribution
Percent of People with Each Score
Percentile by Number Answered
Your Score History
You have not taken this quiz